000 00618cam a22002173a 4500
001 45377
003 PGUSA
005 20140828084040.0
008 140414s2014||||xxu|||||s|||||000 | eng d
040 _aPGUSA
_beng
042 _adc
100 1 _aLane, Charles Henry
245 1 0 _aAll About Dogs :
_bA Book for Doggy People
_h[electronic resource] /
_cCharles Henry Lane
260 _bProject Gutenberg,
_c2014
506 _aPublic domain in the USA.
516 _aElectronic text
700 1 _aMoore, R. H.
830 0 _aProject Gutenberg
_v45377
856 4 0 _uhttp://www.gutenberg.org/ebooks/45377
942 _cEB
999 _c274628
_d274628